000 00427nam a22001577a 4500
005 20251108173619.0
008 250721s2007 xx 000 0 ara d
082 1 4 _a530/ غني
100 1 _aغنيم، سميرة
245 1 0 _aأساسيات الفيزياء /
264 1 _aعمان :
_bدار يافا العلمية،
_c2007.
300 _a193ص.
650 1 7 _aالفيزياء
942 _2ddc
_cBK
999 _c108156
_d108156